Psicología de la percepción.

I tiakina i:
Ngā taipitopito rārangi puna kōrero
Kaituhi matua: Vernon, M. D (autor)
Hōputu: Pukapuka
I whakaputaina: Buenos Aires, Argentina: Hormé, 1979.
Putanga:3ª edición.
Rangatū:Biblioteca psicología de hoy ;
Ngā marau:
Ngā Tūtohu: Tāpirihia he Tūtohu
Kāore He Tūtohu, Me noho koe te mea tuatahi ki te tūtohu i tēnei pūkete!

MARC

LEADER 00000nam a22000007a 4500
003 CL-VaPUC
005 20250407202441.0
008 250311t1979 ||||| |||| 00| 0spa d
999 |c 447231  |d 447229 
040 |c Pontificia Universidad Católica de Valparaíso 
082 0 4 |a 152 VER 1979  |2 21 
100 0 |a Vernon, M. D  |e autor  |9 336209 
245 1 0 |a Psicología de la percepción. 
250 |a 3ª edición. 
260 |a Buenos Aires, Argentina:  |b Hormé,  |c 1979. 
300 |a 274 páginas.  
490 0 |a Biblioteca psicología de hoy ;  |n  41. 
500 |a c.1.Instituto Arcos 8-1-2025. 
583 |a last modification  |c 19950526 00:00:00  |k Cristina María Rojas Aguilar 
650 0 |a Percepción   |9 266750 
942 |c BK  |2 ddc  |n 0 
952 |0 0  |1 0  |2 ddc  |4 0  |6 152_000000000000000_VER_1979  |7 0  |8 A  |9 600945  |a BIBINC  |b BIBINC  |d 2025-03-11  |e Instituto Arcos  |i 5665809  |o 152 VER 1979  |p 5665809  |r 2025-03-11  |t 1  |w 2025-03-11  |y BK  |k IFP